Finland : Financial Sector Assessment Program: Technical Note-Banking Supervision.

This Technical Note discusses the findings and recommendations made in the Financial Sector Assessment Program (FSAP) for Finland in the area of banking supervision. The regulatory and supervisory framework for liquidity and funding risk has improved since the last FSAP, but certain vulnerabilities...

Popoln opis

Bibliografske podrobnosti
Korporativna značnica: International Monetary Fund. Monetary and Capital Markets Department
Format: Revija
Jezik:English
Izdano: Washington, D.C. : International Monetary Fund, 2017.
Serija:IMF Staff Country Reports; Country Report ; No. 2017/003
Online dostop:Full text available on IMF
LEADER 01786cas a2200241 a 4500
001 AALejournalIMF017326
008 230101c9999 xx r poo 0 0eng d
020 |c 5.00 USD 
020 |z 9781475564747 
022 |a 1934-7685 
040 |a BD-DhAAL  |c BD-DhAAL 
110 2 |a International Monetary Fund.  |b Monetary and Capital Markets Department. 
245 1 0 |a Finland :   |b Financial Sector Assessment Program: Technical Note-Banking Supervision. 
264 1 |a Washington, D.C. :  |b International Monetary Fund,  |c 2017. 
300 |a 1 online resource (57 pages) 
490 1 |a IMF Staff Country Reports 
500 |a <strong>Off-Campus Access:</strong> No User ID or Password Required 
500 |a <strong>On-Campus Access:</strong> No User ID or Password Required 
506 |a Electronic access restricted to authorized BRAC University faculty, staff and students 
520 3 |a This Technical Note discusses the findings and recommendations made in the Financial Sector Assessment Program (FSAP) for Finland in the area of banking supervision. The regulatory and supervisory framework for liquidity and funding risk has improved since the last FSAP, but certain vulnerabilities persist and require greater attention. Finnish banks continue to rely extensively on wholesale funding, as noted in the 2010 FSAP. Although supervisory action has managed to mitigate the problem, many banks remain heavily exposed to the risk of a dry-up of unsecured wholesale funding. Also, banks hold covered bonds issued by other banks as part of their liquidity buffer. 
538 |a Mode of access: Internet 
830 0 |a IMF Staff Country Reports; Country Report ;  |v No. 2017/003 
856 4 0 |z Full text available on IMF  |u http://elibrary.imf.org/view/journals/002/2017/003/002.2017.issue-003-en.xml  |z IMF e-Library